00875nam a2200241 a 4500001000800000005001700008008004100025020001600066020002200082040001800104082002700122100002300149245010200172250000900274260009600283300001500379500004700394500005400441500002000495942000600515952009900521999001300620333862520240219234414.0850430s1984 enka b 001 0 eng  a0862322782  a0862322790 (pbk.) aDLCcDLCdDLC00a324.2598/075219bDIL.1 aTörnquist, Olle.10aDilemmas of Third World communism :bthe destruction of the PKI in Indonesia /cOlle Törnquist. a1st. aLondon :bZed Books ;aTotowa, N.J. :bU.S. distributor, Biblio Distribution Center,c1984. ax, 307 p : aRevised translation of Marxistisk barlast. aRevision of the author's thesis (doctoral)--1982. aIncludes index. cL 001040708LaWERCLbWERCLd2024-02-20l0o324.2598/075 DIL.p2735r2024-02-19w2024-02-19yL c427d427